| 000 | 00542nam a22001697a 4500 | ||
|---|---|---|---|
| 008 | 191128b xxu||||| |||| 00| 0 eng d | ||
| 020 | _a9781608313402 | ||
| 050 | _aRC 670.5 .H45H46 2011 | ||
| 245 | _aHemodynamic monitoring made incredibly visual! / | ||
| 250 | _a2nd edition | ||
| 260 |
_aPhiladelphia _bWolters Kluwer _c2011 |
||
| 300 |
_av, 154 pages: _bcolor Illustrations. |
||
| 690 | _aHermodynamics--Handbooks. | ||
| 690 | _aMonitoring, Physiologic--Atlases. | ||
| 690 | _aMonitoring, Physiologic--Handbooks. | ||
| 942 |
_2lcc _cBK |
||
| 999 |
_c362729 _d362729 |
||